Регионална библиотека "Любен Каравелов" - Русе

Учебник по физика (Запис номер 390095)

MARC детайли
000 -Лидер
Контролно поле с фиксирана дължина nam a22 a 4500
003 - Код на организацията, давaща контролен номер
Контролно поле BLK
005 - Дата и час на последна редакция
Контролно поле 20201015135818.0
008 - Елементи от данни с фиксирана дължина
fixed length control field 201015b bul|||||r ||||||| ||bul||
040 ## - Източник на каталожния запис
Идентификатор на билиотеката - собственик на записа BLK
041 ## - Код за език
Код за езика на текст/звукозапис или на отделно заглавие Български
Код за езика КДБФ Български
080 ## - УДК
Текстов определител УДК Физика
УДК код - определител по УДК 53
УДК определител (075)
УДК - код + определител 53(075)
100 ## - Редна дума - Автор
Автор Фролов, П.
Авторска отговорност първи автор
R(LIN) 1299
139 ## - Редно поле
Редна дума Фролов, П.
245 10 - Сведения за заглавието
Заглавие Учебник по физика
Подзаглавни данни За горните кл. на средните уч. заведения : Ч. 1-
Редно поле (дума) П. Фролов; mрев. от рус. Г. Табаков; mрев. от рус. Хр. Ангелов.
Том Ч. 1
Заглавие на том Статика
250 ## - Област на изданието
Сведения за изданието 2. съвършено попр. изд
257 ## - Страна на издаване
Страна на създаване/издаване България
260 ## - Област на издателските данни
Място на издаване, разпространение и проч. София
Име на издателя, разпространителя и проч. Янко С. Ковачев
Година на издаване 1898
300 ## - Физическа характеристика
Размери/Мащаб 25 см
380 ## - Жанр
Жанр Естествени науки. Математика
490 ## - СЕРИИ (Колекции)
9 (RLIN) 435080
Име на серия Колекция Редки и ценни издания
500 ## - Общи забележки
Забележка Подвързана с 2 кн. Т.2. и Т. 3. на същото заглавие.
505 ## - Форматирана забележка
Подзаглавни данни За горните кл. на средните уч. заведения : Ч. 2
Авторската отговорност Фролов, П.
Заглавие Учебник по физика
505 ## - Форматирана забележка
Подзаглавни данни За горните кл. на средните уч. заведения : Ч. 3
Авторската отговорност Фролов, П.
Заглавие Учебник по физика
650 #0 - Допълнително описание по предмет – тема
9 (RLIN) 253505
Основно описание – тема или топоним Физика - учебници за средни училища
700 ## - Други автори (авторска отговорност)
Лично име Табаков, Г.
Автороска отговорност (Описва отношението между автора и произведението) прев. от рус.
9 (RLIN) 1121
700 ## - Други автори (авторска отговорност)
Лично име Ангелов, Хр.
Автороска отговорност (Описва отношението между автора и произведението) прев. от рус.
9 (RLIN) 1121
760 1# - Описание на основната серия
Редна дума на основното описание Фролов, П.
Издание 2. съвършено попр. изд
Страници - том 160 с.
Заглавие Ч. 1 Статика
760 1# - Описание на основната серия
Редна дума на основното описание Фролов, П.
Издание 2. съвършено попр. изд
Страници - том 189 с.
Заглавие Ч. 2 Динамика. Звук.
760 1# - Описание на основната серия
Редна дума на основното описание Фролов, П.
Издание 2. съвършено попр. изд
Страници - том 284 с.
Заглавие Ч. 3 Светлина. Топлина.
852 ## - Местоположение
Форматна сигнатура Рб 898
Фондова буква Редки и ценни
856 4# - Електронен адрес и достъп
Електронен формат pdf - файл
Път до файла /url/
856 4# - Електронен адрес и достъп
Електронен формат pdf - файл
Път до файла /url/
999 ## - СИСТЕМНИ КОНТРОЛНИ НОМЕРА
Koha biblionumber 390095
Koha biblioitemnumber 390095
942 ## - АРТИКУЛИ
Вид на библиотечния материал Книги
Скрит в OPAC Не
Периодичен библиозапис Да
944 ## - СЪЗДАВАНЕ И РЕДАКЦИЯ на ЗАПИСА
Дата на регистрацията/редакция 2020-10-15
Служител, извършил регистрацията/редакцията ВК
999 ## - СИСТЕМНИ КОНТРОЛНИ НОМЕРА
Koha biblioitemnumber 390095
999 ## - СИСТЕМНИ КОНТРОЛНИ НОМЕРА
Koha biblioitemnumber 390095
Наличности
Код за отписване Код за изгубен артикул Източник на класификационната схема Код за повреда Коз за рестрикции Код за отдаване Артикулен № Име на библиотеката - собственик Име на библиотеката, в която се намира в момента Статус (Текущо местоположение) Дата на вписване в системата Местоположение - отдел Цена в лева Инвентарен номер Систематично азбучна сигнатура Баркод Цена в евро Служебен тип на артикула
  Не е изгубен Universal Decimal Classification Не е повреден само за читалня Специални фондове ( старопечатни, редки и ценни, фонд М. Арнаудов) 803608 Регионална библиотека "Любен Каравелов" Русе Регионална библиотека "Любен Каравелов" Русе Редки и ценни 2020-10-19 Редки и ценни 0.13 8906-І Рб 898 900000036559 0.07 Книги
Vip Innovations Ltd, Rousse, Bulgaria 2025